000 00904nam a2200229 a 4500
001 72961
003 BD-RjUL
005 20211209082331.0
008 170525b190?ii xxu |||| |||| 001 0 ben d
035 _a(BD-RjUL)73179
040 _aBD-RjUL
_bben
_cBD-RjUL
_dBD-RjUL
041 _aben
082 _223
_a630.954
_bAJB 190?
100 1 _aআজাদ, লেলিন
_9215796
245 1 0 _aভারতীয় সামন্ততন্ত্র ও মোগল বাংলার কৃষি কাঠামো /
_cলেলিন আজাদ
260 _aস্থান সনাক্ত না :
_bনাই,
_c[১৯০?]
300 _a১১২ পৃ. ;
_c২৭ সেমি.
504 _aগ্রন্থপঞ্জি ও নির্ঘন্ট সংযুক্ত
650 _aকৃষি
_zভারত
_9215797
650 _aAgriculture
_zIndia
_9215798
942 _2ddc
_cBK
999 _c72961
_d72961